Представление документа в формате MARC21

Поле Инд. ПП Название Значение
Тип записи a
Библиографический уровень m
001 Контрольный номер RU\TOUNB\BIBL\129750
005 Дата корректировки 20140703203029.3
008 Кодируемые данные 111021s2011####RU ac## z### ||| 1|rus u
020 a ISBN 978-5-91504-011-X
040 a Служба первич. каталог. Тверская ОУНБ
a Служба первич. каталог. НБ ТвГУ
e Правила каталог. PSBO
041 a Код языка текста rus
044 a Код страны публикации RU
080 a Индекс УДК 821.161.1-1
084 a Индекс другой классификации/Индекс ББК Ш6(2=411.2)6-5
090 a Полочн. индекс Ш6(2=411.2)
x Авторский знак К 78
100 1_ a Автор Красильников Илья Андреевич
q Полное имя Красильников И. А.
245 10 a Заглавие Полустанок забытых страстей
b Продолж. заглавия стихотворения
c Ответственность [авт. вступ. ст. Е. К. Карасев]
260 a Место издания Тверь
b Издательство СФК-офис
c Дата издания 2011
300 a Объем 105, [1] с.
b Иллюстрации/ тип воспроизводства ил., портр.
c Размеры 21 см
653 a Ключевые слова Художественная
653 1_ a Ключевые слова Краеведение
700 a Другие авторы Карасев Евгений Кириллович
e Роль лиц авт. вступ. ст.
901 t Тип документа m
920 a Оператор Стру
930 a Новая/Ретро художественная
a Новая/Ретро краеведение
952 c Вид литературы К рх
954 a Дата поступления на обработку 20120607